| 000 | 00491nam a2200193Ia 4500 | ||
|---|---|---|---|
| 008 | 180207s9999 xx 000 0 und d | ||
| 020 | _a9781586681540 | ||
| 050 | _bB531 2000 | ||
| 100 | _aBernthal, Mark S. | ||
| 245 | _aGoes to the fair / | ||
| 245 | _cby Mark S. Bernthal ; photography by Dennis Full. | ||
| 260 | _aNew York : | ||
| 260 | _bScholastic, | ||
| 260 | _c2000 | ||
| 300 | _aunpaged : | ||
| 300 | _bcolor illustration ; | ||
| 300 | _c18cm. | ||
| 440 | _aBarney & BJ. | ||
| 999 |
_c355689 _d355689 |
||